Central Library OPAC University of Rajshahi

Health organization Intergovernmental conference of Far-Eastern countries on rural hygiene. Preparatory papers: (Record no. 74796)

MARC details
000 -LEADER
fixed length control field 01101nam a22002533 4500
001 - CONTROL NUMBER
control field 74796
003 - CONTROL NUMBER IDENTIFIER
rucl marc code BD-RjUL
005 - DATE AND TIME OF LATEST TRANSACTION
control field 20211209082614.0
008 - FIXED-LENGTH DATA ELEMENTS--GENERAL INFORMATION
fixed length control field 181206s1937 sq 000 0 und d
035 ## - SYSTEM CONTROL NUMBER
System control number (BD-RjUL)75014
040 ## - CATALOGING SOURCE
Original cataloging agency EQO
Transcribing agency EQO
Language of cataloging eng
Modifying agency BD-RjUL
041 ## - LANGUAGE CODE
Language code of text/sound track or separate title eng
082 ## - DEWEY DECIMAL CLASSIFICATION NUMBER
Classification number 614.0991
Author mark and year LEH 1937
111 2# - MAIN ENTRY--MEETING NAME
Meeting name or jurisdiction name as entry element League of Nations health organization, Intergovernmental conf. on rural hygiene.
9 (RLIN) 225632
245 10 - TITLE STATEMENT
Title Health organization Intergovernmental conference of Far-Eastern countries on rural hygiene. Preparatory papers:
Remainder of title Report of the Netherlands Indies /
Statement of responsibility, etc. League of Nations health organization, Intergovernmental conf. on rural hygiene.
246 ## - VARYING FORM OF TITLE
Title proper/short title Report of the Netherlands Indies.
260 ## - PUBLICATION, DISTRIBUTION, ETC. (IMPRINT)
Place of publication, distribution, etc. Geneva :
Name of publisher, distributor, etc. League of Nations,
Date of publication, distribution, etc. 1937.
300 ## - PHYSICAL DESCRIPTION
Pagination 204 pages :
Illustrations ill. ;
Size 24 cm
490 ## - SERIES STATEMENT
Series statement Publications of the League of Nations.
Volume/sequential designation III, Health ; 1937. III. 15.
650 ## - SUBJECT ADDED ENTRY--TOPICAL TERM
Topical term or geographic name as entry element Public health
Geographic subdivision Indonesia.
9 (RLIN) 225633
Topical term or geographic name as entry element Rural health
Geographic subdivision Indonesia.
9 (RLIN) 225634
830 ## - SERIES ADDED ENTRY--UNIFORM TITLE
Uniform title Publications of the League of Nations.
Volume number/sequential designation III, Health ; 1937. III. 15.
942 ## - ADDED ENTRY ELEMENTS (KOHA)
Source of classification or shelving scheme Dewey Decimal Classification
Koha item type Books
Holdings
Lost status Source of classification or shelving scheme Damaged status Not for loan Collection code Permanent Location Current Location Shelving location Date acquired Source of acquisition Cost, normal purchase price Total Checkouts Full call number Date last seen Copy number Koha item type
  Dewey Decimal Classification   Not For Loan Non-fiction Central Library, University of Rajshahi Central Library, University of Rajshahi Reading Room 17/02/1962 A.I. Qurishi 5.00   614.0991 LEH 1937 06/12/2018 C-1 Books